Matematika 7 pro základní školy a víceletá gymnázia. Geometrie /

Hlavní autor: Koldová, Helena, 1963-
Další autoři: Fuchs, Eduard, 1942-, Tlustý, Pavel, 1963-
Jazyk: Čeština
Vydáno: Plzeň : Fraus, 2008
Vydání: 1. vyd.
Témata:
Externí odkaz: Digitalizovaný dokument
Fyzický popis: 2 sv. : il. (převážně barev.) ; 28 cm
Odebírané svazky: učebnice, pracovní sešit
Knihy
Uloženo v:
LEADER 02394nam a2200565 aa4500
001 nkc20081831236
003 CZ PrNK
005 20230831070135.0
007 ta
008 081119s2008 xr a e p 000 0 cze
015 |a cnb001831236 
020 |a 978-80-7238-681-9  |q (učebnice ;  |q brož.) 
020 |a 978-80-7238-682-6  |q (pracovní sešit ;  |q brož.) 
035 |a (OCoLC)298780387 
040 |a BOA001  |b cze  |d ABA001 
072 7 |a 514  |x Geometrie  |2 Konspekt  |9 13 
072 7 |a 37.016  |x Učební osnovy. Vyučovací předměty. Učebnice  |2 Konspekt  |9 22 
080 |a 514  |2 MRF 
080 |a (075.2)  |2 MRF 
080 |a (075.3)  |2 MRF 
080 |a (076.1)  |2 MRF 
100 1 |a Koldová, Helena,  |d 1963-  |7 mzk2004265354  |4 aut 
245 1 0 |a Matematika 7 pro základní školy a víceletá gymnázia.  |p Geometrie /  |c Helena Binterová, Eduard Fuchs, Pavel Tlustý 
246 3 |a Matematika 7 - geometrie 
246 3 0 |a Matematika 7 
246 3 0 |a Geometrie 
246 1 4 |a Matematika pro základní školy a víceletá gymnázia 
250 |a 1. vyd. 
260 |a Plzeň :  |b Fraus,  |c 2008 
300 |a 2 sv. :  |b il. (převážně barev.) ;  |c 28 cm 
500 |a Dostupné též v digitální podobě v aplikaci Kramerius 
504 |a Obsahuje bibliografii 
505 0 |a učebnice. 2008. 104 s. -- pracovní sešit. 2008. 80 s., [4] s. přehled učiva, [2] l. obr. příl. 
650 0 7 |a geometrie  |7 ph114624  |2 czenas 
650 0 9 |a geometry  |2 eczenas 
655 7 |a učebnice základních škol  |7 fd133773  |2 czenas 
655 7 |a učebnice středních škol  |7 fd133771  |2 czenas 
655 7 |a pracovní sešity  |7 fd133116  |2 czenas 
655 9 |a textbooks (elementary)  |2 eczenas 
655 9 |a textbooks (secondary)  |2 eczenas 
655 9 |a activity books  |2 eczenas 
700 1 |a Fuchs, Eduard,  |d 1942-  |7 jn19981001271  |4 aut 
700 1 |a Tlustý, Pavel,  |d 1963-  |7 mzk2004229550  |4 aut 
856 4 1 |u https://www.digitalniknihovna.cz/mzk/uuid/uuid:1b941820-1a45-11ee-95ec-5ef3fc9bb22f  |y Digitalizovaný dokument  |x NDK 
910 |a BOA001  |b 3-1213.875  |s učebnice, pracovní sešit  |t v 
990 |a BK 
995 |a 01 
991 |b 200812  |c NOV 
996 6 |b 2610360203  |c 3-1213.875  |d 1, učebnice  |v 1  |l MZK  |r Sklad / do 1 hodiny  |n 4  |p p.v.  |w 000921742  |u 000010  |a 1  |e BOA001  |j MZK50  |s P 
996 6 |b 2610360204  |c 3-1213.875  |d 2, pracovní sešit  |v 2  |l MZK  |r Sklad / do 1 hodiny  |n 3  |p p.v.  |w 000921742  |u 000020  |a 1  |e BOA001  |j MZK50  |s P